000 00645nam a2200277Ia 4500
005 20260324150950.0
008 008 260324s9999 xx 000 0 eng d
020 _a9781315010076
037 _aEBOOK
040 _aCRL
040 _beng
040 _cCRL
041 _2eng
041 _aeng
084 _qCRL
100 _aJulia Turner
_91202332
245 0 _aHuman Psychology As Seen Through The Dream
260 _bTaylor and Francis
260 _c1924
365 _a
365 _b89.99
856 _uhttp://www.taylorfrancis.com/books/9781315010076
942 _cEBOOK
999 _c1838586
_d1838586